| 000 | 00762nas a2200253 4500 | ||
|---|---|---|---|
| 001 | BR9900721 | ||
| 003 | BR-BrBNA | ||
| 005 | 20231205101240.0 | ||
| 007 | ta | ||
| 008 | 230509b bl.|||p| |||| 00| 00por d | ||
| 040 |
_aBR-BrBNA _bpor _cBiblioteca Nacional de Agricultura |
||
| 041 | _a(Pt) | ||
| 072 | _aP06 | ||
| 100 | 1 | _aAssis, F.N. de | |
| 100 | 1 | _aSteinmetz, S. | |
| 100 | 1 | _aMartins, S.R. | |
| 100 | 1 | _aMendez, M.E.G. | |
| 245 | 1 | _aAplicabilidade de modelos de estimativa da radiacao solar global | |
| 650 | _aRadiacao Solar | ||
| 650 | _aInsolacao | ||
| 773 | 0 |
_tRevista Brasileira de Agrometeorologia (Brazil) _xISSN 0104-1347 _g(Jan-Jun 1998), v. 6(1) p. 91-97 _wBR9900721 |
|
| 909 |
_a202311 _bLúcia _c55 _dLúcia Elande |
||
| 942 |
_2AGRIS _n0 _cANA |
||
| 999 |
_c160678 _d160678 |
||